| 000 | 00390nam a2200157Ia 4500 | ||
|---|---|---|---|
| 008 | 230917s9999||||xx |||||||||||||| ||und|| | ||
| 020 | _cRS95 | ||
| 040 |
_e20139 _aMAIN |
||
| 041 | _aEnglish | ||
| 082 | _a301.18 C314C | ||
| 100 | _aCavan, Ruth Shonle, ed. | ||
| 245 | 0 | _aCommunes: Historical and contemporary | |
| 260 |
_aNew Delhi _bVikas _c1979 |
||
| 300 | _axi,359 p. | ||
| 942 | _cBK | ||
| 999 |
_c227506 _d227506 |
||